000 00290nam a2200133Ia 4500
100 _aGreen & Tull
942 _cBK
654 _aMarketing
245 _aResearch For Marketing Decisions
260 _bPrentice Hall of India
_c2001
082 _a658.8
300 _a644
546 _aENGLISH
999 _c30938
_d30938